Statistics for Coldest US State Capitals Winter 2019-2020

Click here to take the quiz!

General Stats

  • This quiz has been taken 9 times
  • The average score is 12 of 15

Answer Stats

Min Temp FDateCapital% Correct
1Dec 8Albany
100%
-9Feb 15Augusta
83%
-22Jan 16Bismarck
83%
-9Feb 4Cheyenne
83%
-5Feb 15Concord
83%
-5Feb 4
Feb 5
Denver
83%
-10Feb 13Des Moines
83%
-7Dec 1
Jan 15
Helena
83%
-3Jan 21Lincoln
83%
-11Feb 14Madison
83%
-16Feb 13Pierre
83%
-12Feb 14St. Paul
83%
-1Feb 14Lansing
67%
-20Feb 15Montpelier
67%
-5Feb 14Spirngfield
0%

Score Distribution

Percentile by Number Answered

Percent of People with Each Score

Your Score History

You have not taken this quiz